000 00263nam a2200109Ia 4500
008 240109s9999 xx 000 0 und d
041 _aeng
100 _aJerome Joseph
245 _aIndustrial Relations
260 _bSage Pub. New Delhi
650 _aManagement
999 _c1025586
_d1025586